Rolling Bearings for Electrics Motors ZVL, ZKL : Publication No. TKS 5/98 A

Bibliographic Details
Corporate Author: ZVL-ZKL. Technicko-konzultačné služby (Žilina, Slovensko) (Author, vyd)
Format: Book
Language:English
Published: Žilina Management Art 1998
ISBN:8088889065
Subjects:

MARC

LEADER 00000nam a2200000 a 4500
001 vtls001374107
003 SK-MaSNL
005 20260302071346.0
008 160415s1998 xo a y 0 eng
015 |a SNBF2000/01-00080 
020 |a 8088889065 
035 |a SNK000327980 
040 |a SNK  |b slo  |c SNK  |e AACR2 
041 0 |a eng 
044 |a xo  |c SK 
080 |a 621.822:658.11(085.2)=020  |2 1981 
080 |a 658.11  |2 1981 
110 2 |a ZVL-ZKL.  |b Technicko-konzultačné služby (Žilina, Slovensko)  |4 aut  |9 33148 
245 1 |a Rolling Bearings for Electrics Motors  |b ZVL, ZKL : Publication No. TKS 5/98 A  |c ZVL-ZKL Technicko konzultačné služby, Žilina 
260 |a Žilina  |b Management Art  |c 1998 
500 |a Vydané pre ZVL-ZKL Technicko konzultačné služby, Žilina 
650 0 7 |a ložiská (tech.)  |2 SNKPH  |9 57915 
655 7 |a firemné katalógy  |2 SNK  |9 284681 
710 2 |a ZVL-ZKL.  |b Technicko-konzultačné služby (Žilina, Slovensko)  |4 vyd  |9 33148 
919 |a 80-88889-06-5 
958 |a FFK 
958 |a TL 
999 |c 1151721  |d 1153651 
952 |t P60, <03>, [BOOK], {603}  |a SNK  |b SNK  |y PREZ  |7 0  |p 17A0214031  |o snkOSC 20415  |i snkKSP 9905/99  |0 0  |1 0  |4 0  |d 1999-10-11  |l 0  |r 2005-01-02 00:00:00  |w 2026-02-24 
952 |t P60, <04>, [BOOK], {604}  |a SNK  |b SNK  |y VYP  |7 0  |p 17A0214032  |o snkOSC 20415 D1  |i snkKSP 9906/99  |0 0  |1 0  |4 0  |d 1999-10-11  |l 0  |r 2005-01-02 00:00:00  |w 2026-02-24